000 00805nam a2200253Ia 4500
003 OSt
005 20220923220147.0
006 a|||||r|||| 00| 0
007 ta
008 220922b |||||||| |||| 00| 0 hin d
024 _a184,672
037 _cTextual
040 _aARTS
_cARTS
_bhin
041 _2hin
_ahin
082 _aO152,1N07x, L3
100 _aमिश्र, केदार नाथ, प्रभात
245 0 _aज्वाला
246 _aJvālā
260 _aपटना
_b नवभारत प्रकाशन
_c1973
300 _a67 पृ.
_ccm.
650 _aहिन्दी साहित्य
_9156264
942 _hO152,1N07x, L3
_cTEXL
_2CC
999 _c337956
_d337956